000 00937cam a2200313M 4500
001 51461
005 20230404130047.0
008 731004s2006 cu a b 000 0bspa d
035 _a(OCoLC)ocn123063327
040 _aHLS
_cHLS
020 _a9590609074
020 _a9789590609077
035 _a(OCoLC)123063327
043 _anwcu---
050 1 4 _a107 HT 1076
_bF825c 2006
100 1 _aFranco, José Luciano,
_d1891-
245 1 3 _aLa conspiración de Aponte, 1812 /
_cJosé Luciano Franco.
260 _aLa Habana :
_bEditorial Ciencias Sociales,
_c2006.
300 _a136 p. :
_bill. ;
_c21 cm.
490 1 _aHistoria
504 _aIncludes bibliographical references (p. 75-76).
600 1 0 _aAponte, José Antonio,
_dd. 1812.
650 0 _aSlavery
_zCuba.
651 0 _aCuba
_xHistory
_vSources.
830 0 _aHistoria (Editorial de Ciencias Sociales)
942 _2lcc
_cbk
946 _aclperez
994 _aC0
_bDRFGD
999 _c10151
_d10151